Shastri memorial souvenir. (Record no. 76055)

MARC details
000 -LEADER
fixed length control field 00856cam a22002531 4500
001 - CONTROL NUMBER
control field sa 67006584
003 - CONTROL NUMBER IDENTIFIER
control field DLC
005 - DATE AND TIME OF LATEST TRANSACTION
control field 20260227112409.0
008 - FIXED-LENGTH DATA ELEMENTS--GENERAL INFORMATION
fixed length control field 870612s1966 ii ac 000 0beng
010 ## - LIBRARY OF CONGRESS CONTROL NUMBER
LC control number sa 67006584
025 ## - OVERSEAS ACQUISITION NUMBER
Overseas acquisition number PL480:I-E-7921
035 ## - SYSTEM CONTROL NUMBER
System control number (OCoLC)15927073
040 ## - CATALOGING SOURCE
Original cataloging agency DLC
Transcribing agency OCoLC
Modifying agency DLC
042 ## - AUTHENTICATION CODE
Authentication code premarc
050 00 - LIBRARY OF CONGRESS CALL NUMBER
Classification number DS481.S48
Item number S5
082 ## - DEWEY DECIMAL CLASSIFICATION NUMBER
Classification number 954.04/0924
-- B
245 00 - TITLE STATEMENT
Title Shastri memorial souvenir.
Statement of responsibility, etc. [Editorial board: Satish Chander and others. Advisers: G. K. Shukla and others.
260 ## - PUBLICATION, DISTRIBUTION, ETC.
Place of publication, distribution, etc. Delhi,
Name of publisher, distributor, etc. Printed at Roopvani Print. House for S.M.S. Committee, Cultural Meet Publications,
Date of publication, distribution, etc. 1966?]
300 ## - PHYSICAL DESCRIPTION
Extent 252 p.
Other physical details illus., ports. (1 col.)
Dimensions 25 cm.
600 10 - SUBJECT ADDED ENTRY--PERSONAL NAME
Personal name Shastri, Lal Bahadur,
Dates associated with a name 1904-1966.
700 1# - ADDED ENTRY--PERSONAL NAME
Personal name Shastri, Lal Bahadur,
Dates associated with a name 1904-1966.
700 1# - ADDED ENTRY--PERSONAL NAME
Personal name Chander, Satish,
Relator term ed.
700 1# - ADDED ENTRY--PERSONAL NAME
Personal name Shukla, G. K.,
Relator term ed.

No items available.

Powered by Koha